00718 2200265 4500001002100000005001700021020002200038035002500060040001200085082001400097084001800111090001800129100001900147245009600166250001100262260003100273300003700304650002000341700001700361700001400378850001200392990001600404990001600420990001600436YOGYA00000000009961520160428093822.0 a978-602-9251-19-7 a0010-101300000000508 aYOPDYOG 2[22]a813 aNUS 813 Zha K aNUS 813 Zha K aZHAENAL FANANI aKen Arokb: Cinta dan takhtac/ Zhaenal Fanani; editor, C.H. Prabowo; ilustrator, Bayu Aryo aCet. 1 aSolobTiga Serangkaic2013 avii, 533 hlm.c; 21 cm. (3 eks.) aFiksi Indonesia aPrabowo C.H. aBayu Aryo aYOPDYOG a0730/B.2013 a0731/B.2013 a0732/B.2013